| 000 -LEADER |
| fixed length control field |
00474pab a2200169 454500 |
| 008 - FIXED-LENGTH DATA ELEMENTS--GENERAL INFORMATION |
| fixed length control field |
180718b2009 xxu||||| |||| 00| 0 eng d |
| 100 ## - MAIN ENTRY--PERSONAL NAME |
| Personal name |
Nang, Leung Pak |
| 245 ## - TITLE STATEMENT |
| Title |
The radicalisation of the new Chinese working class: a case study of collective action in the gemstone industry |
| 260 ## - PUBLICATION, DISTRIBUTION, ETC. |
| Date of publication, distribution, etc. |
2009 |
| 300 ## - PHYSICAL DESCRIPTION |
| Extent |
p.551-65. |
| 650 ## - SUBJECT ADDED ENTRY--TOPICAL TERM |
| Topical term or geographic name entry element |
Workers - China |
| 650 ## - SUBJECT ADDED ENTRY--TOPICAL TERM |
| Topical term or geographic name entry element |
Workers |
| 700 ## - ADDED ENTRY--PERSONAL NAME |
| Personal name |
Ngai, Pun |
| 773 ## - HOST ITEM ENTRY |
| Main entry heading |
Third World Quarterly |
| 908 ## - PUT COMMAND PARAMETER (RLIN) |
| Put command parameter |
N |
| 909 ## - |
| -- |
82262 |